[Event "4NCL 2007-8"]
[Site "Sunningdale ENG"]
[Date "2008.05.05"]
[Round "11"]
[White "Ferguson,M"]
[Black "King,D"]
[Result "0-1"]
[WhiteElo "2406"]
[BlackElo "2518"]

1.e4 c5 2.Nf3 d6 3.Bb5+ Bd7 4.Bxd7+ Qxd7 5.O-O Nf6 6.Qe2 Nc6 7.c3 e6 8.d4 cxd4
9.cxd4 d5 10.e5 Ne4 11.Be3 Be7 12.Ne1 f6 13.f3 Ng5 14.Nd3 Nf7 15.Bf2 fxe5
16.dxe5 O-O 17.Nd2 Rac8 18.Nb3 b6 19.a3 Nfd8 20.f4 Nb7 21.Rac1 Nca5 22.Rxc8 Rxc8
23.Nd4 Nc6 24.f5 exf5 25.e6 Nxd4 26.Bxd4 Qa4 27.Rf4 Qc2 28.Qxc2 Rxc2 29.Rxf5 Nd8
30.Nf4 Rc6 31.Re5 Rc1+ 32.Kf2 Nc6 33.Nxd5 Nxe5 34.Nxe7+ Kf8 35.Nd5 Nc6 36.Bc3 Rd1
37.Nf4 g6 38.Bf6 Ne7 39.Ke2 Rd6 40.Be5 Rc6 41.Bf6 Ng8 42.Bh4 Rc2+ 43.Kd3 Rxb2
44.Kc4 Ne7 45.Bg5 Rc2+ 46.Kd4 Rc5 47.h4 Nc6+ 48.Kd3 Ra5 49.Kc4 Ke8 50.a4 Ne7
51.Kb3 Re5 52.Kc4 a6 53.g4 Re4+ 54.Kb3 Re3+ 55.Kc4 Re4+ 56.Kb3 Re3+ 57.Kc4 Ra3
58.Kd4 Rxa4+ 59.Ke5 Ra5+ 60.Kd6 Nc8+ 61.Kc7 Rc5+ 62.Kb7 a5  0-1

[Event "FSGM May"]
[Site "Budapest HUN"]
[Date "2008.05.07"]
[Round "5"]
[White "Hendriks,W"]
[Black "Nguyen Huynh Minh Huy"]
[Result "1-0"]
[WhiteElo "2411"]
[BlackElo "2482"]

1.e4 c5 2.Nf3 d6 3.Bb5+ Bd7 4.Bxd7+ Qxd7 5.c4 Nf6 6.Nc3 g6 7.d4 cxd4 8.Nxd4 Bg7
9.h3 O-O 10.O-O Nc6 11.Be3 a6 12.Rc1 e6 13.b3 Rfd8 14.Qf3 Ne5 15.Qe2 d5 16.cxd5 exd5
17.f4 Nc6 18.e5 Ne8 19.Na4 Nxd4 20.Bxd4 Qf5 21.g4 Qe4 22.Qd2 g5 23.Nc5 Qg6
24.f5 Qh6 25.Kg2 b6 26.Na4 f6 27.e6 b5 28.Nb6 Ra7 29.Qa5  1-0

[Event "43rd Capablanca Memorial Open"]
[Site "Havana CUB"]
[Date "2008.05.08"]
[Round "1"]
[White "Ordunez,E"]
[Black "Gomez Garrido,C"]
[Result "0-1"]
[WhiteElo "2224"]
[BlackElo "2408"]

1.e4 c5 2.Nf3 d6 3.Bb5+ Bd7 4.Bxd7+ Qxd7 5.O-O Nf6 6.Re1 Nc6 7.c3 g6 8.d4 cxd4
9.cxd4 d5 10.e5 Ne4 11.Nbd2 Nxd2 12.Bxd2 e6 13.Rc1 Be7 14.a3 a5 15.Rc3 a4
16.Qc2 O-O 17.h4 Rfc8 18.Rc1 Bd8 19.Qd3 Na7 20.g3 Rxc3 21.Rxc3 Qb5 22.Qxb5 Nxb5
23.Rc2 Bb6 24.Be3 Na7 25.Kf1 Nc6 26.Ke2 Ra5 27.Kd3 Rb5 28.Nd2 Kg7 29.f4 h5
30.Bf2 Ba5 31.Nf3 Rb3+ 32.Ke2 Ne7 33.Nh2 Nf5 34.Nf1 b5 35.Be3 Bb6 36.Rd2 b4
37.axb4 Rxb4  0-1

[Event "ENCI Limburg Open"]
[Site "Maastricht NED"]
[Date "2008.05.10"]
[Round "3"]
[White "Geuss,P"]
[Black "Reyniers,P"]
[Result "1-0"]
[WhiteElo "2171"]
[BlackElo "2028"]

1.e4 c5 2.Nf3 d6 3.Bb5+ Bd7 4.Bxd7+ Qxd7 5.O-O Nf6 6.Qe2 Nc6 7.Rd1 e5 8.d3 Be7
9.Bg5 O-O 10.Bxf6 Bxf6 11.c3 g6 12.Na3 Bg7 13.Nc4 d5 14.Ne3 d4 15.Nd5 dxc3
16.bxc3 Ne7 17.c4 Nc6 18.Rab1 f5 19.Rf1 Rae8 20.Qd1 Bh6 21.Re1 Rf7 22.Rb2 Ref8
23.h3 Kh8 24.Nh2 Bg7 25.Re3 f4 26.Re1 f3 27.Re3 Nd4 28.Qf1 Ne2+ 29.Rexe2 fxe2
30.Rxe2 b5 31.cxb5 Qxb5 32.Rc2 Rc8 33.Nf3 Rb7 34.Nd2 Rd8 35.Qe2 Qa4 36.Nb3 Bf8
37.Qg4 Qd7 38.Qg5 Qe6 39.Qxd8  1-0

[Event "Kaupthing Open"]
[Site "Differdange LUX"]
[Date "2008.05.11"]
[Round "3"]
[White "Kristjansson,St"]
[Black "Edouard,R"]
[Result "1/2-1/2"]
[WhiteElo "2485"]
[BlackElo "2509"]

1.e4 c5 2.Nf3 d6 3.Bb5+ Bd7 4.Bxd7+ Qxd7 5.O-O Nf6 6.e5 dxe5 7.Nxe5 Qc8 8.d4 e6
9.Nc3 Nc6 10.Be3 Be7 11.Nxc6 Qxc6 12.dxc5 Bxc5 13.Bxc5 Qxc5 14.Qf3 Qb4 15.Rab1 Rc8
16.a3 Qb6 17.Ne4 Nxe4 18.Qxe4 a6 19.Rfd1 Qc6 20.Qb4 Qb5  1/2-1/2

[Event "ENCI Limburg Open"]
[Site "Maastricht NED"]
[Date "2008.05.12"]
[Round "6"]
[White "Picard,Ro"]
[Black "Sprangers,R"]
[Result "1-0"]
[WhiteElo "2368"]
[BlackElo "2211"]

1.e4 c5 2.Nf3 d6 3.Bb5+ Bd7 4.Bxd7+ Qxd7 5.O-O Nf6 6.e5 dxe5 7.Nxe5 Qc7 8.d4 e6
9.Bf4 Bd6 10.Na3 a6 11.Nac4 Nc6 12.Bg3 Bxe5 13.dxe5 Ne4 14.Qg4 Nxg3 15.Nd6+ Kf8
16.fxg3 Nxe5 17.Qxe6 Qe7 18.Qd5 Rd8 19.Rad1 h5 20.Qxc5 b6 21.Qc3 f6 22.Nf5 Qe8
23.Qc7 Rd7 24.Qxb6 Kg8 25.Qxa6 Kh7 26.Qe2 g6 27.Nd4 Qd8 28.c3 Re8 29.Rde1 Rde7
30.Qa6 f5 31.h3 Nf7 32.Rxe7 Qxe7 33.Nf3 Qc7 34.Qf6 Nd6 35.Ng5+ Kh6 36.Qxd6  1-0

[Event "Mayors Cup Open"]
[Site "Mumbai IND"]
[Date "2008.05.12"]
[Round "2"]
[White "Mari Arul,S"]
[Black "Kiranpal,S"]
[Result "1-0"]
[WhiteElo "2238"]
[BlackElo "1927"]

1.e4 c5 2.Nf3 d6 3.Bb5+ Bd7 4.Bxd7+ Qxd7 5.O-O Nc6 6.c3 Nf6 7.Re1 e6 8.d4 cxd4
9.cxd4 d5 10.e5 Ne4 11.Nbd2 Nxd2 12.Bxd2 Be7 13.Rc1 O-O 14.a3 Rac8 15.Rc3 a5
16.Rd3 b5 17.h4 b4 18.h5 a4 19.Nh2 b3 20.Ng4 Kh8 21.Bc3 Na7 22.Ree3 Nb5 23.Bb4 Bxb4
24.axb4 Rc4 25.Rg3 Qa7 26.Nf6 Rxd4 27.Rxg7 Kxg7 28.Rg3+ Kh8 29.Qc1 Rd1+ 30.Qxd1 Nd4
31.Qg4 Nf5 32.Qg8+ Rxg8 33.Rxg8+  1-0

[Event "Mayors Cup Open"]
[Site "Mumbai IND"]
[Date "2008.05.12"]
[Round "3"]
[White "Yogesh,Ga"]
[Black "Bitan,B"]
[Result "0-1"]
[WhiteElo "1836"]
[BlackElo "2258"]

1.e4 c5 2.Nf3 d6 3.Bb5+ Bd7 4.Bxd7+ Qxd7 5.O-O Nf6 6.Re1 Nc6 7.c4 g6 8.Nc3 Bg7
9.a3 O-O 10.h3 a6 11.Rb1 Qe8 12.d3 Nd7 13.Bf4 Rb8 14.Qd2 b5 15.Bh6 bxc4 16.dxc4 Rb7
17.Nd5 Qb8 18.Bxg7 Kxg7 19.Qc3+ Kg8 20.Qc1 Nde5 21.Nxe5 Nxe5 22.Re3 e6 23.Nf6+ Kg7
24.Ng4 Nc6 25.Rd3 f6 26.Rf3 f5 27.exf5 exf5 28.Qc3+ Nd4 29.Nh2 Rb3 30.Qd2 Nxf3+
31.Nxf3 Re8 32.Rd1 Rxb2 33.Qc3+ Kg8 34.Ng5 Qb3 35.Qf6 Qxd1+ 36.Kh2 Rb1 37.Nxh7 Kxh7
38.Qh4+ Kg7 39.Qh7+ Kxh7 40.g4  0-1

[Event "Mayors Cup Open"]
[Site "Mumbai IND"]
[Date "2008.05.13"]
[Round "4"]
[White "Rathod,G"]
[Black "Sarthak,P"]
[Result "1-0"]
[WhiteElo "2124"]
[BlackElo "1544"]

1.e4 c5 2.Nf3 d6 3.Bb5+ Bd7 4.Bxd7+ Qxd7 5.O-O Nc6 6.c3 Nf6 7.Re1 g6 8.d4 cxd4
9.cxd4 e5 10.Nc3 Bg7 11.dxe5 dxe5 12.Nd5 Nxd5 13.exd5 O-O-O 14.Bg5 Qxd5 15.Bxd8 Qxd1
16.Raxd1 Rxd8 17.Ng5 Rxd1 18.Rxd1 Nd8 19.Nxh7 f6 20.g4 Nf7 21.Rd3 e4 22.Rd5 Ne5
23.h3 Kc7 24.Kf1 Nf3 25.g5 f5 26.Nf6 Kc6 27.Rd1 Nxg5 28.Rc1+ Kb5 29.Ne8 Be5
30.Nc7+ Kb6 31.Nd5+ Ka6 32.b4 Nxh3 33.a4 Nf4 34.Nxf4 Bxf4 35.Rd1 Kb6 36.Rd7 Ka6
37.Ke2 Kb6 38.Rg7 Be5 39.Rxg6+ Kc7 40.Rg5 Bd6 41.Rxf5 Bxb4 42.Rf4 Kd6 43.Rxe4 Bc3
44.Kd3 Bf6 45.f4 a6 46.f5 Be5 47.Rb4 Kc6 48.Ke4 Bf6 49.Rc4+ Kd6 50.a5 Kd7
51.Kd5 Bd8 52.Rb4 Bxa5 53.Rxb7+ Ke8 54.Ra7 Bb4 55.Ke6 Kf8 56.Rxa6 Kg7 57.f6+ Kh8
58.f7 Kg7 59.Ra4  1-0

[Event "Mayors Cup Open"]
[Site "Mumbai IND"]
[Date "2008.05.13"]
[Round "4"]
[White "Shetye,Sh"]
[Black "Padmini,R"]
[Result "0-1"]
[WhiteElo "1974"]
[BlackElo "2238"]

1.e4 c5 2.Nf3 d6 3.Bb5+ Nc6 4.d4 cxd4 5.Qxd4 Bd7 6.Bxc6 Bxc6 7.Nc3 Nf6 8.Bg5 e6
9.O-O-O h6 10.Bh4 Be7 11.Rhg1 e5 12.Qd3 g5 13.Bg3 Qa5 14.Kb1 O-O-O 15.Nd2 b5
16.Nf1 b4 17.Qc4 Qc5 18.Qxc5 dxc5 19.Nd5 Bxd5 20.exd5 Nxd5 21.Ne3 Nxe3 22.fxe3 f6
23.b3 e4 24.Kc1 Kb7 25.Rxd8 Rxd8 26.Rd1 Rxd1+ 27.Kxd1 Kc6 28.Be1 f5 29.g3 Bf6
30.Ke2 Kd5 31.Bd2 Bc3 32.Bc1 h5 33.h3 Be5 34.Kf2 h4 35.gxh4 gxh4 36.Bd2 a5
37.Ke2 c4 38.Be1 Bg3 39.Bd2 c3 40.Bc1 Ke5 41.Kf1 f4 42.Ke2 f3+ 43.Kf1 Kf5
44.Kg1 Be1  0-1

[Event "Mayors Cup Open"]
[Site "Mumbai IND"]
[Date "2008.05.14"]
[Round "5"]
[White "Anurag,M"]
[Black "Udeshi,A"]
[Result "1-0"]
[WhiteElo "2125"]
[BlackElo "2299"]

1.e4 c5 2.Nf3 d6 3.Bb5+ Bd7 4.Bxd7+ Qxd7 5.c4 Nc6 6.Nc3 Nf6 7.d4 cxd4 8.Nxd4 e6
9.O-O Be7 10.f3 O-O 11.Be3 Rac8 12.Qe2 a6 13.Rac1 Ne5 14.b3 d5 15.cxd5 exd5
16.Na4 Rxc1 17.Rxc1 dxe4 18.Nb6 Qd8 19.Rc8 exf3 20.gxf3 Qxb6 21.Nf5 Qe6 22.Nxe7+ Qxe7
23.Bc5 Nxf3+ 24.Kh1 Rxc8 25.Qxe7 h5 26.Bf2 Ng5 27.Bh4 Rc1+ 28.Kg2 Nge4 29.Bxf6 Nxf6
30.a4 Rc2+ 31.Kg1 Rc1+ 32.Kg2 Rc2+ 33.Kg1 Rc1+ 34.Kg2 Rc2+ 35.Kf1 Rc1+ 36.Ke2 Rc2+
37.Kd1 Rxh2 38.Qxb7 Rf2 39.Ke1 Rb2 40.Qxa6 Rb1+ 41.Kd2 Rg1 42.Qc8+ Kh7 43.Qf5+ Kg8
44.a5 h4 45.a6 Ra1 46.Qc8+ Kh7 47.Qc4 Ra2+ 48.Kc1 Kg8 49.b4 Ra4 50.Qc8+  1-0

[Event "Mayors Cup Open"]
[Site "Mumbai IND"]
[Date "2008.05.14"]
[Round "5"]
[White "Yogesh,Ga"]
[Black "Joshi,M"]
[Result "0-1"]
[WhiteElo "1836"]
[BlackElo "2168"]

1.e4 c5 2.Nf3 d6 3.Bb5+ Bd7 4.Bxd7+ Qxd7 5.O-O Nc6 6.c4 Nf6 7.Nc3 e6 8.d3 Be7
9.a3 O-O 10.Rb1 Ne8 11.b4 b6 12.Re1 Nc7 13.Bg5 f6 14.Bd2 Rae8 15.h3 Kh8 16.Qe2 Nd4
17.Qd1 f5 18.exf5 Rxf5 19.Nxd4 cxd4 20.Ne2 e5 21.f4 Rff8 22.Rf1 b5 23.fxe5 dxe5
24.c5 Rxf1+ 25.Qxf1 Rf8 26.Qd1 Qf5 27.Be1 Qf1+ 28.Kh2 Nd5 29.Bg3 Qf5 30.Qb3 Ne3
31.Kg1 h5 32.Bf4 exf4 33.Nxd4 Qg6 34.Qb2 Bf6  0-1

[Event "26th Open"]
[Site "Elba ITA"]
[Date "2008.05.15"]
[Round "6"]
[White "Juhasz,N"]
[Black "Calisi,E"]
[Result "1/2-1/2"]
[WhiteElo "1938"]
[BlackElo "1874"]

1.e4 c5 2.Nf3 d6 3.Bb5+ Bd7 4.Bxd7+ Qxd7 5.Nc3 e5 6.Nd5 Nf6 7.Nxf6+ gxf6
8.d3 Rg8 9.Nh4 Nc6 10.g3 Nd4 11.c3 Ne6 12.Nf5 d5 13.O-O O-O-O 14.Be3 Rg6
15.a3 b6 16.b4 Qb7 17.Qe2 h5 18.c4 d4 19.Bd2 Be7 20.Rab1 Rh8 21.Kh1 Qd7 22.bxc5 Bxc5
23.Bb4 Kc7 24.a4 a5 25.Bxc5 Nxc5 26.Rb5 Rgg8 27.Rfb1 Rb8 28.Qd2 Nxa4 29.Rxa5 Nc3
30.Ra7+ Rb7 31.Rxb7+ Kxb7 32.Ra1 Ra8 33.Rxa8 Kxa8 34.Qb2 Qa4 35.Kg2 Qd1 36.Qxb6 Ne2
37.Nd6 Nf4+ 38.gxf4 Qg4+  1/2-1/2

[Event "Mayors Cup Open"]
[Site "Mumbai IND"]
[Date "2008.05.15"]
[Round "6"]
[White "Mari Arul,S"]
[Black "Shashikant,K"]
[Result "1-0"]
[WhiteElo "2238"]
[BlackElo "2356"]

1.e4 c5 2.Nf3 d6 3.Bb5+ Nc6 4.O-O Bg4 5.c3 Qb6 6.Na3 Nf6 7.d4 O-O-O 8.d5 Ne5
9.Be2 Bxf3 10.gxf3 g5 11.b4 Rg8 12.bxc5 dxc5 13.Rb1 Qd6 14.Qa4 a6 15.Be3 Rd7
16.Rb3 g4 17.f4 Nf3+ 18.Kh1 Nxd5 19.Nc4 Qh6 20.Bxf3 gxf3 21.exd5 Qg6 22.Qxd7+  1-0

[Event "Mayors Cup Open"]
[Site "Mumbai IND"]
[Date "2008.05.16"]
[Round "8"]
[White "Gadekar,S"]
[Black "Ankit,R"]
[Result "1/2-1/2"]
[WhiteElo "1965"]
[BlackElo "2161"]

1.e4 c5 2.Nf3 d6 3.Bb5+ Bd7 4.Bxd7+ Qxd7 5.c4 Nf6 6.Nc3 g6 7.d3 Bg7 8.O-O Nc6
9.Bg5 O-O 10.Qd2 Ne5 11.Nxe5 dxe5 12.Rad1 Rad8 13.a3 Qc6 14.f4 Qd6 15.fxe5 Qxe5
16.Bf4 Qe6 17.Nd5 Qd7 18.Bg5 Nxd5 19.exd5 Rde8 20.Bh6 e6 21.Bxg7 Kxg7 22.Qc3+ Kg8
23.d4 cxd4 24.Rxd4 exd5 25.Rxd5 Qc6 26.Rfd1 Re2 27.b4 Rfe8 28.c5 R2e3 29.Qc1 Re2
30.Qc3 R2e3 31.Qc1 Qf6 32.Rf1 Qh4 33.Qd2 Re2 34.Qf4 Qxf4 35.Rxf4 Ra2 36.h3 Re1+
37.Kh2 Ree2 38.Rg4 Rxa3 39.Rd7 h5 40.Rg3 Ra1 41.h4 Re4 42.Rxb7 Rxh4+ 43.Rh3 Rc4
44.Rf3 Rh4+ 45.Rh3 Rc4 46.Rf3  1/2-1/2

[Event "Mayors Cup Open"]
[Site "Mumbai IND"]
[Date "2008.05.16"]
[Round "8"]
[White "Rathod,G"]
[Black "Sharma,RP"]
[Result "1-0"]
[WhiteElo "2124"]
[BlackElo "2299"]

1.e4 c5 2.Nf3 d6 3.Bb5+ Bd7 4.Bxd7+ Qxd7 5.O-O Nf6 6.Re1 Nc6 7.c3 e6 8.d4 cxd4
9.cxd4 d5 10.exd5 Nxd5 11.Nc3 Be7 12.Ne4 Rd8 13.Bd2 O-O 14.a3 Nf6 15.Bc3 Qd5
16.Ng3 Bd6 17.Qe2 h6 18.Rad1 Bxg3 19.hxg3 Qh5 20.a4 Rd5 21.Ne5 Qxe2 22.Rxe2 Nxe5
23.Rxe5 Rfd8 24.Rc1 h5 25.Kf1 Ng4 26.Re2 Nh6 27.Rd2 Nf5 28.Rcd1 Rc8 29.Ke2 Rc4
30.a5 Nd6 31.Kd3 Rc6 32.Ra1 a6 33.Re2 Nb5 34.Re5 Rcd6 35.Rae1 g6 36.Kc4 Rc6+
37.Kd3 Rd8 38.R1e2 Rcd6 39.R5e4 R6d7 40.Re1 Rd5 41.Ra1 e5 42.Ra4 f5 43.Rh4 exd4
44.Bd2 Kf7 45.f3 Kg7 46.Rc4 Re8 47.Rc2 Rde5 48.Rh1 Kg8 49.g4 fxg4 50.fxg4 hxg4
51.Rcc1 Kg7 52.Bh6+ Kg8 53.Bd2 Rf5 54.Rh6 Kg7 55.Rch1 Rf2 56.Bg5 Re5 57.Rh7+ Kg8
58.Bd2 Rh5 59.R1xh5 gxh5 60.Rxh5 Rxg2 61.Rd5 Rg3+ 62.Ke4 Kf7 63.b4 Rb3 64.Kf5 g3
65.Rd7+ Ke8 66.Rg7 Rf3+ 67.Ke6 Kd8 68.Rg8+ Kc7 69.Rg4 Kc6 70.Ke5 Rb3 71.Rg6+ Kc7
72.Kd5 Rf3 73.Ke4 Rf7 74.Rxg3 Nd6+ 75.Kd3 Kc6 76.Rg5 Nf5 77.Ke4 Nd6+ 78.Kxd4 Rd7  1-0

[Event "11th IHEM"]
[Site "Hamburg GER"]
[Date "2008.05.17"]
[Round "9"]
[White "Hebbinghaus,H"]
[Black "Ftacnik,L"]
[Result "1/2-1/2"]
[WhiteElo "2297"]
[BlackElo "2542"]

1.e4 c5 2.Nf3 d6 3.Bb5+ Nd7 4.O-O Nf6 5.Re1 a6 6.Bf1 b6 7.c4 Bb7 8.Nc3 Ne5
9.d3 e6 10.g3 Be7 11.Bg2 O-O 12.Ng5 h6 13.Nh3 Nc6 14.f4 Nd4 15.Ne2 Nxe2+
16.Qxe2 Nd7 17.b3 Bf6 18.Bb2 Bd4+ 19.Bxd4 cxd4 20.Qb2 e5 21.f5 a5 22.Rf1 Bc6
23.a4 Nc5 24.Qc2 Kh7 25.Rf3 g6 26.Raf1 Qe7 27.Nf2 gxf5 28.Rxf5 Bd7 29.Ng4 Bxf5
30.Rxf5 Rg8 31.Nf6+ Kh8 32.Nxg8 Rxg8 33.Bh3 Rg5 34.Rf3 Rg7 35.Rf5 Rg6 36.Rf3 Rg7
37.Bf5 Qg5 38.Kf2 Qd8 39.h4 Rg8 40.Bh3 Kg7 41.Kg2 Rf8 42.Rf2 Qe7 43.Qd1 Kh8
44.Qh5 Kg7 45.Qg4+ Kh8 46.Qh5 Kg7 47.Qg4+  1/2-1/2

[Event "Mayors Cup Open"]
[Site "Mumbai IND"]
[Date "2008.05.17"]
[Round "9"]
[White "Abdulla,AlR"]
[Black "Rahman,Zia"]
[Result "1/2-1/2"]
[WhiteElo "2514"]
[BlackElo "2511"]

1.Nf3 c5 2.e4 d6 3.Bb5+ Bd7 4.Bxd7+ Qxd7 5.O-O Nf6 6.Re1 Nc6 7.c4 e6 8.Nc3 Be7
9.d4 cxd4 10.Nxd4 O-O  1/2-1/2

[Event "ch-Moscow"]
[Site "Moscow RUS"]
[Date "2008.05.18"]
[Round "7"]
[White "Deviatkin,A"]
[Black "Vorobiov,E"]
[Result "1-0"]
[WhiteElo "2568"]
[BlackElo "2536"]

1.e4 c5 2.Nf3 d6 3.Bb5+ Bd7 4.Bxd7+ Qxd7 5.c4 g6 6.d4 cxd4 7.Nxd4 Nf6 8.Nc3 Bg7
9.h3 O-O 10.Be3 Rc8 11.b3 a6 12.a4 Nc6 13.O-O Qd8 14.Rb1 Qa5 15.Nde2 Rd8
16.Nd5 Nxd5 17.exd5 Ne5 18.Nd4 Rac8 19.Qe2 Nd7 20.f4 Re8 21.f5 Ne5 22.h4 Qc3
23.Rfd1 Bf6 24.fxg6 hxg6 25.h5 Kg7 26.hxg6 fxg6 27.Ne6+ Kf7 28.Bd4 Qg3 29.Bf2 Qg4
30.Qxg4 Nxg4 31.Bb6 Rh8 32.Rd3 Ne5 33.Rh3 Rxh3 34.gxh3 Nd7 35.Be3 b6 36.Kg2 Nc5
37.Nd4 Ke8 38.Nc6 a5 39.Bxc5 dxc5 40.Re1 Kd7 41.Re6 Rf8 42.Kg3 Rf7 43.Kg4 Rf8
44.Na7 Rb8 45.Nb5 Kd8 46.Na7 Kd7 47.Nb5 Ke8 48.Rc6 Kf7 49.Rc7 Be5 50.d6 Kf6
51.Rc6 exd6 52.Nxd6 Kg7 53.Kg5 Bf6+ 54.Kf4 Bb2 55.Rc7+ Kh6 56.Kg4 Rf8 57.Nf7+ Kg7
58.Ng5+ Kg8 59.Ne6 Rf6 60.Rg7+ Kh8 61.Re7 Bc1 62.Nc7 Rf4+ 63.Kg3 Rd4 64.Nd5 Bg5
65.Re5 Bh4+ 66.Kf3 Rd3+ 67.Re3 Rxe3+ 68.Kxe3 Bd8 69.Ke4 Kg7 70.Ke5 Kh6 71.Kd6 Kh5
72.Nf4+ Kh6 73.Kc6 Bg5 74.Ne6 Bd2 75.Kxb6 Kh5 76.Kxc5 Kh4 77.Kd5 Kxh3 78.c5  1-0

[Event "Mayors Cup Open"]
[Site "Mumbai IND"]
[Date "2008.05.18"]
[Round "10"]
[White "Rathod,G"]
[Black "Mehar,C"]
[Result "0-1"]
[WhiteElo "2124"]
[BlackElo "2265"]

1.e4 c5 2.Nf3 d6 3.Bb5+ Nc6 4.O-O Bd7 5.Re1 g6 6.c3 a6 7.Bf1 Bg7 8.Na3 Nf6
9.d4 cxd4 10.cxd4 Bg4 11.Nc4 Bxf3 12.gxf3 O-O 13.d5 Nb8 14.a4 Nbd7 15.Be3 Nh5
16.f4 b5 17.axb5 axb5 18.Rxa8 Qxa8 19.Na3 Bxb2 20.Nxb5 Bg7 21.Nd4 Nc5 22.Bg2 Qa3
23.Bf3 Nd3 24.Nc2 Qc3 25.Bd2 Qf6 26.e5 Qh4 27.exd6 Qxf2+ 28.Kh1 Nxe1  0-1

[Event "III President's Cup"]
[Site "Baku AZE"]
[Date "2008.05.19"]
[Round "8"]
[White "Kazimova,N"]
[Black "Babaev,Ra"]
[Result "0-1"]
[WhiteElo "2072"]
[BlackElo "2482"]

1.e4 c5 2.Nf3 d6 3.Bb5+ Nd7 4.d4 Nf6 5.Nc3 cxd4 6.Qxd4 e5 7.Qd3 h6 8.Be3 Be7
9.O-O-O O-O 10.Nh4 Nb6 11.f3 a6 12.Ba4 d5 13.exd5 Nfxd5 14.Nxd5 Nxa4 15.g3 Be6
16.Qe4 Bg5 17.f4 exf4 18.Nxf4 Bd7 19.Qb4 Qc7 20.Rd2 Bc6 21.Rhd1 Rfe8 22.Qa3 Bf6
23.Nd5 Bxd5 24.Qxa4 Be4 25.Qb3 Rac8 26.Bb6 Qc6 27.Kb1 g5 28.Rc1 Re6 29.Bd4 Bxd4  0-1

[Event "Frank K Berry ch-USA w"]
[Site "Tulsa USA"]
[Date "2008.05.19"]
[Round "7"]
[White "Epstein,E"]
[Black "Rohonyan,K"]
[Result "0-1"]
[WhiteElo "2184"]
[BlackElo "2309"]

1.e4 c5 2.Nf3 d6 3.Bb5+ Nd7 4.c3 a6 5.Ba4 Nf6 6.Bc2 e5 7.O-O Be7 8.d4 O-O
9.a4 Re8 10.Re1 Bf8 11.Nbd2 cxd4 12.cxd4 b6 13.Nf1 exd4 14.Nxd4 Bb7 15.Ng3 d5
16.exd5 Rxe1+ 17.Qxe1 Nc5 18.Qe5 Qxd5 19.Qxd5 Nxd5 20.Bd2 a5 21.b3 g6 22.Re1 Bg7
23.Nb5 Nb4 24.Bxb4 axb4 25.Ne4 Bxe4 26.Bxe4 Rd8 27.f3 f5 28.Bc6 Nxb3 29.Rb1 Na5
30.Na7 b3 31.Bb5 b2 32.Nc6 Nxc6 33.Bxc6 Kf8 34.Kf2 Rd2+ 35.Kg3 Ke7 36.Bb5 Kd6  0-1

[Event "TCh-CHN Torch Real Estate Cup"]
[Site "Jiangsu Wuxi CHN"]
[Date "2008.05.20"]
[Round "8"]
[White "Xu Yuhua"]
[Black "Zhang Jilin"]
[Result "1/2-1/2"]
[WhiteElo "2500"]
[BlackElo "2361"]

1.e4 c5 2.Nf3 d6 3.Bb5+ Bd7 4.Bxd7+ Qxd7 5.c4 Nf6 6.Nc3 g6 7.d4 cxd4 8.Nxd4 Bg7
9.f3 O-O 10.Be3 Nc6 11.O-O e6 12.Rc1 a6 13.Nxc6 Qxc6 14.Qe2 Nd7 15.Rfd1 f5
16.exf5 gxf5 17.Nb5 Be5 18.Nd4 Qc8 19.f4 Bxd4 20.Rxd4 Nc5 21.Rxd6 Ne4 22.Rd4 Qc7
23.Rcd1 Rad8 24.R1d3 Rxd4 25.Rxd4 Rd8 26.g3 Rxd4 27.Bxd4 Qd6 28.Be5 Qc5+
29.Kg2 Qc6 30.Kh3 Qe8 31.b3 a5 32.Bd4 a4 33.bxa4 Qxa4 34.Ba1 Kf8 35.Kh4 Qb4
36.Qb2 Qxc4 37.Qh8+ Ke7 38.Qxh7+ Ke8 39.Qg8+ Ke7 40.Qh7+ Ke8 41.h3 Qxa2 42.Qg8+ Ke7
43.Qg7+ Ke8 44.Qg8+ Ke7 45.Bg7 Qd5 46.Qf8+ Kd7 47.Be5 Kc6 48.Qe7 Kb5 49.g4 fxg4
50.hxg4 Nf2 51.Kg5 Kc4 52.Qc7+ Kd3 53.f5 exf5 54.gxf5 Qg2+ 55.Kf6 Ng4+ 56.Ke6  1/2-1/2

[Event "LXXII ch-CRC Fase 1"]
[Site "Moravia CRC"]
[Date "2008.05.21"]
[Round "5"]
[White "Alfaro Rojas,A"]
[Black "Bermudez,S"]
[Result "1/2-1/2"]
[WhiteElo "2116"]
[BlackElo "2180"]

1.e4 c5 2.Nf3 d6 3.Bb5+ Bd7 4.Bxd7+ Qxd7 5.c4 g6 6.O-O Bg7 7.d4 cxd4 8.Nxd4 Nf6
9.Nc3 O-O 10.f3 Nc6 11.Nde2 Qd8 12.Be3 Qa5 13.Qd2 Rfc8 14.b3 a6 15.a4 Rd8  1/2-1/2

[Event "Bicentenary Open"]
[Site "Mostoles ESP"]
[Date "2008.05.21"]
[Round "2"]
[White "Moreno Alberti,M"]
[Black "Morales,Jo"]
[Result "0-1"]
[WhiteElo "2069"]
[BlackElo "2298"]

1.e4 c5 2.Nf3 d6 3.Bb5+ Nc6 4.O-O Bd7 5.d4 cxd4 6.Nxd4 Nf6 7.Re1 g6 8.Nc3 Bg7
9.a3 O-O 10.Nde2 a6 11.Bxc6 Bxc6 12.Qd3 Rc8 13.f3 Re8 14.Be3 Qc7 15.Rac1 b5
16.Nd5 Nxd5 17.exd5 Bb7 18.c3 Qc4 19.Rcd1 Qxd3 20.Rxd3 h5 21.Red1 Bf6 22.Ng3 a5
23.Ne4 Be5 24.f4 Bg7 25.f5 Ba6 26.R3d2 Rc4 27.Bd4 Bxd4+ 28.Rxd4 Kg7 29.f6+ Kf8
30.Kf2 Rb8 31.fxe7+ Kxe7 32.Ng5 b4 33.axb4 axb4 34.Rxc4 Bxc4 35.Rd4 bxc3
36.bxc3 Ba2 37.h4 Rc8 38.Ne4 f5 39.Ng3 Rxc3 40.Ne2 Rc4 41.Rxc4 Bxc4 42.Nf4 Kf6
43.g3 Bb3 44.Ke3 g5 45.Nh3 f4+ 46.Ke4 Bc2+ 47.Kd4 fxg3 48.Nxg5 g2 49.Nh3 Kf5
50.Ke3 Kg4 51.Ng1 Kg3 52.Ne2+ Kh2 53.Kf2 Be4  0-1

[Event "Guillermo Garcia Mem"]
[Site "Santa Clara CUB"]
[Date "2008.05.21"]
[Round "3"]
[White "Quezada Perez,Y"]
[Black "Hernandez Carmenates,Hold"]
[Result "1/2-1/2"]
[WhiteElo "2567"]
[BlackElo "2568"]

1.e4 c5 2.Nf3 d6 3.Bb5+ Nc6 4.O-O Bd7 5.c3 Nf6 6.Re1 a6 7.Ba4 c4 8.Bc2 Bg4
9.b3 cxb3 10.axb3 e5 11.h3 Bh5 12.d3 Be7 13.Nbd2 O-O 14.b4 d5 15.g4 Bg6 16.Bb2 dxe4
17.dxe4 h5 18.Nh4 Bxe4 19.Nxe4 Nxe4 20.Ng6 fxg6 21.Bxe4 Bh4 22.Qd5+ Kh7 23.Qxd8 Bxf2+
24.Kg2 Raxd8 25.Re2 h4 26.Ba3 Bg3 27.b5 axb5 28.Bxf8 Rxf8 29.Rf1 Ra8 30.Rf7 Ra6
31.Rd2 b4 32.cxb4 Nd4 33.b5 Nxb5 34.Bxb7 Rf6 35.Rxf6 gxf6 36.g5 fxg5 37.Rd7+ Kh6
38.Kf3 Nd4+ 39.Kg4 Nf5 40.Be4 Ne3+ 41.Kf3 Nf5 42.Ra7 Nd6 43.Bd5 e4+ 44.Kg4 Ne8
45.Rf7 Be5 46.Bxe4 Nd6 47.Bd5  1/2-1/2

[Event "17th Open"]
[Site "Chicago USA"]
[Date "2008.05.24"]
[Round "2"]
[White "Becerra Rivero,J"]
[Black "Amanov,M"]
[Result "1-0"]
[WhiteElo "2575"]
[BlackElo "2396"]

1.e4 c5 2.Nf3 d6 3.Bb5+ Nd7 4.O-O Nf6 5.Re1 e6 6.c3 a6 7.Ba4 b5 8.Bc2 Bb7
9.d3 Be7 10.Nbd2 O-O 11.Nf1 Qc7 12.h3 Rfe8 13.Ng3 Bf8 14.Bd2 Ne5 15.Nh2 Ng6
16.h4 e5 17.Bg5 Nd7 18.Nf5 d5 19.Qg4 f6 20.Bh6 gxh6 21.h5 Kf7 22.hxg6+ hxg6
23.Nh4 g5 24.Qh5+ Ke7 25.Nf5+ Kd8 26.Ng4 Qb6 27.Nge3 d4 28.Nd5 Bxd5 29.exd5 Kc7
30.cxd4 cxd4 31.Rec1 Rad8 32.a4 Kb8 33.axb5 axb5 34.Bd1 Nc5 35.Bf3 Rc8 36.d6 e4
37.Rxc5 Qxc5 38.d7  1-0

[Event "17th Open"]
[Site "Chicago USA"]
[Date "2008.05.24"]
[Round "3"]
[White "Hernandez Guerrero,G"]
[Black "Quan Zhe"]
[Result "1/2-1/2"]
[WhiteElo "2554"]
[BlackElo "2390"]

1.e4 c5 2.Nf3 d6 3.Bb5+ Bd7 4.Bxd7+ Qxd7 5.O-O Nf6 6.Re1 e6 7.c3 Nc6 8.d3 Be7
9.Nbd2 O-O 10.Nf1 Ne5 11.Ng3 Qb5 12.c4 Qc6 13.b3 Nfd7 14.Bb2 Bf6 15.Nxe5 Bxe5
16.d4 cxd4 17.Bxd4 a6 18.Rc1 Rfd8 19.Qd2 Rac8 20.f3 Bxd4+ 21.Qxd4 Qc5 22.Red1 Kf8
23.Nf1  1/2-1/2

[Event "ch-LTU"]
[Site "Kaunas LTU"]
[Date "2008.05.25"]
[Round "11"]
[White "Sarakauskas,G"]
[Black "Malisauskas,V"]
[Result "1-0"]
[WhiteElo "2449"]
[BlackElo "2489"]

1.e4 c5 2.Nf3 d6 3.Bb5+ Bd7 4.Bxd7+ Nxd7 5.O-O Ngf6 6.Re1 e6 7.d3 Be7 8.Nbd2 O-O
9.Nc4 b5 10.Nxd6 Bxd6 11.e5 Nxe5 12.Nxe5 Qc7 13.Bf4 Nd5 14.Bg3 f6 15.Nf3 e5
16.c3 Qc6 17.a4 b4 18.d4 bxc3 19.bxc3 exd4 20.Re6 Rad8 21.cxd4 c4 22.Nd2 Rfe8
23.Rxd6 Rxd6 24.Bxd6 Qxd6 25.Nxc4 Qb4 26.Ne3 Nxe3 27.fxe3 Qc3 28.Qc1 Rxe3
29.Qxc3 Rxc3 30.Rb1 Rc7 31.Kf2 Re7 32.a5 Kf7 33.d5 Ke8 34.Rc1 Rd7 35.Rc5 Ke7
36.Ke3 Kd6 37.Kd4 Rc7 38.Rxc7 Kxc7 39.Kc5 f5 40.h4 f4 41.d6+ Kd7 42.Kd5 a6
43.Ke5 h5 44.Kd5 Kd8 45.Ke6 Ke8 46.d7+ Kd8 47.Kd6  1-0

[Event "ch-LTU"]
[Site "Kaunas LTU"]
[Date "2008.05.25"]
[Round "11"]
[White "Savickas,A"]
[Black "Zagorskis,D"]
[Result "0-1"]
[WhiteElo "2373"]
[BlackElo "2493"]

1.e4 c5 2.Nf3 d6 3.Bb5+ Bd7 4.Bxd7+ Qxd7 5.O-O Nf6 6.Qe2 Nc6 7.c3 e6 8.d4 cxd4
9.cxd4 d5 10.e5 Ne4 11.Nbd2 Nxd2 12.Bxd2 Be7 13.Qd3 h6 14.Ne1 Qc7 15.f4 Nxd4
16.Rc1 Nc6 17.f5 exf5 18.Qxf5 O-O 19.Nd3 Qc8 20.Qh5 Qe6 21.Rce1 Rae8 22.Kh1 Qg6
23.Qh3 Bg5 24.Bxg5 hxg5 25.Nc5 Nxe5 26.Nxb7 Qb6 27.Qc3 d4 28.Qc5 Qxb7 29.Rxe5 Rxe5
30.Qxe5 Qxb2 31.Rd1 Rd8 32.Qxg5 Qb6 33.h3 d3 34.Rd2 Qd4 35.Qg3 g6 36.Qf3 Kg7
37.Qg3 Qe4 38.Kg1 Rd7 39.Kf2 Rd5 40.Kg1 Qd4+ 41.Kh2 a5 42.Qf3 Qe5+ 43.Qg3 Kf6  0-1

[Event "11th Open A"]
[Site "Voesendorf AUT"]
[Date "2008.05.25"]
[Round "5"]
[White "Schweitzer,W"]
[Black "Matt,S"]
[Result "1-0"]
[WhiteElo "2006"]
[BlackElo "2097"]

1.e4 c5 2.Nf3 d6 3.Bb5+ Bd7 4.Bxd7+ Qxd7 5.O-O Nc6 6.c3 Nf6 7.Qe2 e5 8.Rd1 Qg4
9.d3 Be7 10.h3 Qe6 11.d4 exd4 12.Qb5 Qd7 13.cxd4 Nxd4 14.Nxd4 cxd4 15.Qxd7+ Nxd7
16.Rxd4 Rc8 17.Nc3 O-O 18.Bf4 Ne5 19.Rad1 Kh8 20.Nb5 Rc2 21.Nxd6 Bxd6 22.Rxd6 Ng6
23.Rd8 Kg8 24.R8d2 Rxd2 25.Bxd2 Rd8 26.Kf1 Nf4 27.Rc1 Ne6 28.Be3 f6 29.f3 Kf7
30.Ke2 Ke7 31.Bxa7 Nf4+ 32.Kf1 Rd7 33.Be3 Nd3 34.Rc2 Ke6 35.Rd2 g5 36.a3 h5
37.Ke2 Nc1+ 38.Kd1 Nd3 39.Ke2 Nc1+ 40.Kf1 Nd3 41.g3 Ke5 42.Rd1 g4 43.hxg4 hxg4
44.Ke2 gxf3+ 45.Kxf3 f5 46.Bf4+ Ke6 47.exf5+ Kxf5 48.Ke3  1-0